000 00581nam a22002057a 4500
003 KOHA_MİRAKIL
005 20260325133834.0
008 260325b tu ||||| |||| 00| 0 tur d
020 _a9789944250788
040 _aTR-AnABB
_btur
_cTR-AnABB
041 _atur
082 _a320.9
_bOZK 2010
100 1 _aÖzkeş, İhsan
245 1 0 _aDaraltılan din, tartılan iman /
_cİhsan Özkes
260 _aİstanbul :
_bDerin Yayınları,
_c2010
300 _a235 sayfa ;
_c20 cm
500 _aYazar imzalı.
650 0 4 _aSiyasi tarih, Türkiye
942 _2ddc
_cBK
999 _c10050
_d10050
900 _bCan ÇELIK